| 000 | 00794nam a2200241 4500 | ||
|---|---|---|---|
| 003 | OSt | ||
| 005 | 20240715070455.0 | ||
| 006 | a | ||
| 008 | 240715b |||||||| |||| 00| 0 eng d | ||
| 020 | _a9715504701 | ||
| 040 |
_aDWCL-Main lib. _cOC |
||
| 082 |
_2Revised edition _aFil. 616.89 Es78 2004 |
||
| 245 | _aEssence of wellness: essays in Philippine clinical and counseling psychology / | ||
| 250 | _aRevised edition | ||
| 260 |
_aQuezon City : _bADMU Press, _cc2004. |
||
| 300 |
_axviii, _b67 p. : ill. ; _c23 cm. |
||
| 504 | _aIncludes bibliographical references. | ||
| 650 | _a1. Clinical psychology-Philippines. | ||
| 650 | _a2. Counseling-Philippines. | ||
| 700 | _aCarmel D. Ortigas | ||
| 700 | _aMa. Lourdes A. Carandang | ||
| 942 |
_2ddc _n0 _cBK - FIL _eRevised edition _kFil. |
||
| 999 |
_c2197 _d2197 |
||